PAPE - okręgi Norwegii - Statystyki

Ogólne statystyki
  • Ten quiz został rozwiązany 45 razy
  • Średni wynik to 6 z 12
Statystyki odpowiedzi
Okręg % Poprawnych
Oslo
88%
Svalbard
75%
Nordland
50%
Rogaland
50%
Vestland
50%
Viken
50%
Agder
38%
Innlandet
38%
Møre og Romsdal
38%
Troms og Finnmark
38%
Trøndelag
38%
Vestfold og Telemark
25%
Nie znaleziono quizów pasujących do podanych kryteriów
Rozkład punktacji
Procent ludzi z każdym wynikiem
Percentyl według liczby udzielonych odpowiedzi
Twoja historia wyników
Nie rozwiązałeś tego quizu